Emilia Pardo Bazán : (Record no. 193577)

MARC details
000 -LEADER
campo de control de longitud fija 02256nam a2200433 i 4500
001 - NÚMERO DE CONTROL
campo de control 193577
003 - IDENTIFICADOR DE NÚMERO DE CONTROL
campo de control SpMaBN
005 - FECHA Y HORA DE LA ÚLTIMA TRANSACCIÓN
campo de control 20250807063226.0
007 - CAMPO FIJO DE DESCRIPCIÓN FÍSICA--INFORMACIÓN GENERAL
campo de control de longitud fija ta
008 - DATOS DE LONGITUD FIJA--INFORMACIÓN GENERAL
campo de control de longitud fija 210603e2021 sp a | ||||o000 0bspa
017 ## - NÚMERO DE COPYRIGHT O DE DEPÓSITO LEGAL
Número de copyright o de depósito legal M 15459-2021
Agencia que asigna Oficina Depósito Legal Madrid
020 ## - NÚMERO INTERNACIONAL ESTÁNDAR DEL LIBRO
Número Internacional Estándar del Libro 978-84-451-3917-2
035 ## - NÚMERO DE CONTROL DEL SISTEMA
Número de control de sistema (OCoLC)1255606579
040 ## - FUENTE DE CATALOGACIÓN
Centro catalogador/agencia de origen SpMaBN
Lengua de catalogación spa
Centro/agencia transcriptor SpMaBN
Normas de descripción rda
080 ## - NÚMERO DE LA CLASIFICACIÓN DECIMAL UNIVERSAL
Número de la Clasificación Decimal Universal 929 Pardo Bazán, Emilia, Condesa de (083.824)
080 ## - NÚMERO DE LA CLASIFICACIÓN DECIMAL UNIVERSAL
Número de la Clasificación Decimal Universal 821.134.2 Pardo Bazán, Emilia, Condesa de 1.07(083.824)
245 00 - MENCIÓN DEL TÍTULO
Título Emilia Pardo Bazán :
Resto del título el reto de la modernidad /
Mención de responsabilidad, etc. comisaria, Isabel Burdiel
264 #1 - PRODUCCIÓN, PUBLICACIÓN, DISTRIBUCIÓN, FABRICACIÓN Y COPYRIGHT
Producción, publicación, distribución, fabricación y copyright [Madrid] :
Nombre del de productor, editor, distribuidor, fabricante Comunidad de Madrid :
-- Biblioteca Nacional de España,
Fecha de producción, publicación, distribución, fabricación o copyright [2021]
300 ## - DESCRIPCIÓN FÍSICA
Extensión 325 páginas :
Otras características físicas ilustraciones (blanco y negro y color) ;
Dimensiones 24 cm
336 ## - TIPO DE CONTENIDO
Término de tipo de contenido Texto
-- Imagen fija
Fuente rdacontent
337 ## - TIPO DE MEDIO
Nombre/término del tipo de medio sin mediación
Fuente rdamedia
338 ## - TIPO DE SOPORTE
Nombre/término del tipo de soporte volumen
Fuente rdacarrier
504 ## - NOTA DE BIBLIOGRAFÍA, ETC.
Nota de bibliografía, etc. Referencias bibliográficas
520 ## - RESUMEN, ETC.
Sumario, etc. Catálogo de la exposición del mismo título realizada del 9 junio de 2021 al 26 de septiembre de 2021 en la Biblioteca Nacional de España, y del 22 de octubre al 18 de diciembre de 2021 en el Kiosco Alfonso de La Coruña. Ilustrado con abundantes fotografías, recoge todas las facetas de una de las escritoras más importantes y versátiles de su generación
546 ## - NOTA DE IDIOMA
Nota de lengua/lenguaje Texto en español y gallego
585 ## - NOTA DE EXPOSICIONES
Nota de exposiciones Exposición: Biblioteca Nacional de España, Madrid, del 8 de junio al 26 de septiembre de 2021; Kiosco Alfonso, A Coruña, del 22 de octubre al 18 de diciembre de 2021
600 14 - PUNTO DE ACCESO ADICIONAL DE MATERIA--NOMBRE DE PERSONA
Nombre de persona Pardo Bazán, Emilia,
Títulos y otros términos asociados al nombre Condesa de,
Fechas asociadas al nombre 1851-1921-
Subdivisión de forma Exposiciones
9 (RLIN) 241418
655 #7 - TERMINO DE INDIZACIÓN--GENERO/FORMA
Datos o término principal de género/forma Catálogos de exposiciones
Fuente del término tgfbne
9 (RLIN) 193628
700 1# - ENTRADA AGREGADA--NOMBRE PERSONAL
Nombre de persona Burdiel, Isabel,
Fechas asociadas al nombre 1958-
Término indicativo de función/relación Comisario
9 (RLIN) 32597
710 2# - ENTRADA AGREGADA--NOMBRE DE ENTIDAD CORPORATIVA
Nombre de entidad corporativa o nombre de jurisdicción como elemento de entrada Biblioteca Nacional de España
Término indicativo de función/relación Sede
-- Editor
9 (RLIN) 234950
710 2# - ENTRADA AGREGADA--NOMBRE DE ENTIDAD CORPORATIVA
Nombre de entidad corporativa o nombre de jurisdicción como elemento de entrada Palacio Municipal de Exposiciones Kiosco Alfonso (La Coruña)
Término indicativo de función/relación Sede
9 (RLIN) 241419
710 1# - ENTRADA AGREGADA--NOMBRE DE ENTIDAD CORPORATIVA
Nombre de entidad corporativa o nombre de jurisdicción como elemento de entrada Madrid (Comunidad Autónoma)
Término indicativo de función/relación Editor
9 (RLIN) 5587
852 ## - LOCALIZACIÓN
Ubicación ES-MaACL
Sublocalización o colección R. 154928
Ubicación en estantería Depósito J
Donativo/Legado Donación Biblioteca Nacional de España
Número de control de estantería N-9585
Encuadernación Cartoné
itemnumber 201040
942 ## - ELEMENTOS DE ENTRADA SECUNDARIOS (KOHA)
Suprimir en OPAC No
Tipo de ítem Koha Libro impreso
Holdings
Estatus retirado Estado de pérdida Fuente del sistema de clasificación o colocación Estado de daño No para préstamo Biblioteca de origen Biblioteca actual Ubicación en estantería Fecha de adquisición Fuente de adquisición Total de préstamos Signatura topográfica completa Código de barras Visto por última vez Tipo de ítem Koha
    Clasificación decimal universal     Biblioteca del Ateneo de Madrid Biblioteca del Ateneo de Madrid Depósito J 16/01/2024 Donación   N-9585 101206318 16/01/2024 Libro impreso